| 000 | 01286nam2a2200253 4500 | ||
|---|---|---|---|
| 001 | RU\NLR\BIBL_A\022767038 | ||
| 005 | 20260427160144.0 | ||
| 010 |
_a978-5-353-11917-3 _93000 |
||
| 021 |
_aRU _bКН-П-26-007995 _9КН-П-26-0771 |
||
| 035 | _a(NLR Aleph) 022767038 | ||
| 090 |
_a13646414 _c13646414 |
||
| 100 | _a20260326d2026 d y0rusy50 ca | ||
| 101 | 1 |
_arus _ckor |
|
| 102 | _aRU | ||
| 105 | _aa z 000ay | ||
| 200 | 1 | _aМонстры наступают! | |
| 210 | _d2026 (печ. 2025) | ||
| 215 |
_a110, [2] с. _cцв. ил. |
||
| 461 | 0 |
_1001RU\NLR\BIBL_A\022767032 _12001#$aДом волшебных дверей$e[сказочная повесть$eдля среднего школьного возраста$fКим Сугён, Квон Суён, JipsaTV$gперевод с корейского Д. А. Ванюковой]$v[Т. 1] _1700#0$aКим Сугён$3RU\NLR\AUTH\770292746 _913699986 _aКим Сугён _cМосква _d2026- _fКим Сугён, Квон Суён, JipsaTV _nРосмэн _o[сказочная повесть : для среднего школьного возраста _tДом волшебных дверей _v[Т. 1] |
|
| 942 | _cBOOK | ||
| 980 | _aNB | ||